| 000 | 00418 a2200145 4500 | ||
|---|---|---|---|
| 005 | 20250516140114.0 | ||
| 020 | _a978-81-261-5890-4 | ||
| 082 | _a658.45 SIN | ||
| 100 | _aSINGH, S.D. | ||
| 245 | _aCommunication Management. | ||
| 260 |
_aNew Delhi, _bAnmol LTD, _c2014. |
||
| 300 |
_avii, 296p.: _bBibliography & Index _c24cm |
||
| 856 |
_yAccess Online Book _fCommunication _dwww.anmolpublications.com |
||
| 942 |
_2ddc _cBKS |
||
| 999 |
_c2416 _d2416 |
||